000 00495nam a2200181Ia 4500
005 20250326124924.0
008 250326s9999 xx 000 0 und d
037 _aTextbook
040 _aFMSL
_beng
_cFMSL
041 _aeng
_2eng
084 _aX:8F K8
_qFMSL
100 _aBierman H
_9319819
245 0 _aManagerial accounting: introduction
_cBierman H; Drebin A R
260 _aNY
_bNY, Macmillan
_c1968
300 _a414p
942 _cTB
_hX:8F K8
999 _c1275782
_d1275782